000 00349nam a2200109Ia 4500
008 171211s9999 xx 000 0 und d
245 _aTai Chi. Health for Life. Why It Works for Health, Stress Relief and Longevity
245 _cBruce Frantzis
260 _c2006
650 _xMartial Arts
856 _uhttp://down.ebook777.com/057/9781583941447.pdf
999 _c348207
_d348207